00601nam a22001931 450000500170000000800410001701000140005802000260007203500130009803700150011104000180012608200100014424500650015426000480021927000590026730000270032650000350035370000190038820090601123824.0721219s1962 nyu 000 0 eng  aENG-93796 a9788131305027c995.00 aEN-77329 bDBAD / PUB adplbEnglish  a363.7 aEnvironment and society /cedited by Abha Trivedi...[et al]  aNew DelhibAPH Publishing Corporationc2009 a4435-36/7, Ansari Road, Daryaganj,bNew Delhi e110002 axvi, 297 p.c23cm(Hb)  aIncludes references and index  aTrivedi, Abha